000 00695cam a2200205 4500
005 20260121130441.0
008 041206t sp 000 0 spa u
020 _a848155667X
050 0 4 _aHB172.5
_bA53 2000
100 1 _aAndreu, José Miguel
245 1 4 _aUna introducción a la macroeconomía
_b : complemento de ejercicios tipo-test
_c / José Miguel Andreu ; con la colaboración de Rebeca de Juan.
250 _a1a ed.
260 _aMadrid :
_bDykinson,
_c2000
300 _a69 p. ;
_c25 cm.
506 _aFomes 2003
650 7 _2lemb
_aMacroeconomía
_xProblemas, ejercicios, etc.
650 7 _2lemb
_aEconomía
700 1 _aJuan, Rebeca de,
_ecolaborador
942 _2lcc
_cLIB
999 _c67966
_d67966